LDR 00696naa#a2200205#i#450# 001 EN\\bibl\126636 005 20260703163840.5 011 ## _a2587-6740 100 ## _a20260615b2026####ek#y0engy0150####ca 102 ## _aRU 200 1# _aRationale for agrotechnologies and farming systems in rice cultivation in the Republic of Ghana _eJournal article 210 1# _aMoscow _cElectronic science _d2026 215 ## _a3 с. 608 ## _aJournal article _2local 675 ## _aСельскохозяйственная мелиорация. 631.6 _z 700 #1 _aNartey _gJoseph 700 #1 _aPrikhodko _gIgor Aleksandrovich 700 #1 _aBoldyreva _gLesya Mihaylovna 700 #1 _aKlimenko _gValeria Evgen'evna 856 4# _aqje.su _u